Toxicity assessment of insecticidal plants to chicken (Registro n. 300817)
[ somente texto ]
| 000 -LÍDER | |
|---|---|
| fixed length control field | 03930nab a2200325 i 4500 |
| 003 - CÓDIGO MARC DA AGÊNCIA CATALOGADORA | |
| Campo de controle | BR-BrBNA |
| 005 - DATA E HORA DA ÚLTIMA ATUALIZAÇÃO | |
| Campo de controle | 20240809165909.0 |
| 008 - CAMPO DE TAMANHO FIXO | |
| fixed length control field | 240809b2017 bl.qr|pooa||| 00| 0 eng | |
| 040 ## - FONTE DA CATALOGAÇÃO | |
| Agência catalogadora | BR-BrBNA |
| Idioma da catalogação | eng |
| 072 ## - CATEGORIA AGRIS | |
| Código AGRIS | L74 |
| 072 ## - CATEGORIA AGRIS | |
| Código AGRIS | F60 |
| 100 ## - ENTRADA PRINCIPAL - NOME PESSOAL | |
| Nome pessoal | Haas, J. |
| 100 ## - ENTRADA PRINCIPAL - NOME PESSOAL | |
| Nome pessoal | Baungratz, A. |
| 100 ## - ENTRADA PRINCIPAL - NOME PESSOAL | |
| Nome pessoal | Takahashi, S.E. |
| 100 ## - ENTRADA PRINCIPAL - NOME PESSOAL | |
| Nome pessoal | Potrich, M. |
| 100 ## - ENTRADA PRINCIPAL - NOME PESSOAL | |
| Nome pessoal | Lozano, E.R. |
| 100 ## - ENTRADA PRINCIPAL - NOME PESSOAL | |
| Nome pessoal | Mazaro, S.M. |
| 245 ## - TÍTULO PRINCIPAL | |
| Título principal | Toxicity assessment of insecticidal plants to chicken |
| 500 ## - NOTA GERAL | |
| Nota geral | Publicação on-line; Bibliography p. 194-196 56 ref.; 2 tables; Summaries (En, Pt) |
| 942 ## - ADDED ENTRY ELEMENTS (KOHA) | |
| Koha item type | |
| 520 ## - NOTA DE RESUMO | |
| Nota de conteúdo | <br/><br/>ABSTRACT: <br/><br/>Gallus domesticus L. is a cosmopolitan and easy-breeding species, which can<br/>be used as model for toxicity tests to birds. The objective of this research was to assess the<br/>toxicity of aqueous extracts at 5% w/v of Echinodorus grandiflorus (Alismataceae), Matricaria<br/>chamomilla (Asteraceae) and Maytenus ilicifolia (Celastraceae), plants with insecticidal potential,<br/>to G. domesticus. For five days, 48 chickens were fed with the regular diet associated with<br/>the aqueous extracts. The groups were: (1) E. grandiflorus; (2) M. chamomilla; (3) M. ilicifolia<br/>and (4) control group. They were observed for 12 days and then, euthanized. Samples of<br/>selected organs were processed for histopathological investigations. No uncommon behaviour,<br/>aggressiveness or external lesions were verified. The food intake during the experiment was<br/>similar in all groups and it was significantly increased until the end of the experiment. In addition,<br/>there was no statistical difference between the treated groups and the control group regarding<br/>to weight gain of the birds or liver enzymes. Histological examination of the small intestine, liver<br/>and kidney revealed no consistent alterations. These results strongly suggest that neither of<br/>plant extracts were toxic to G. domesticus.<br/><br/>Keywords: Echinodorus grandiflorus, Matricaria chamomilla, Maytenus ilicifolia, Non-target<br/>organism, Gallus domesticus<br/> |
| 520 ## - NOTA DE RESUMO | |
| Nota de conteúdo | <br/><br/>RESUMO: <br/><br/>Toxicidade de plantas inseticidas em galináceos . O Gallus domesticus L. é<br/>uma espécie cosmopolita e de fácil manejo que pode ser utilizada como modelo de toxicidade<br/>para aves. O objetivo deste trabalho foi verificar a toxicidade dos extratos aquosos a 5% de<br/>Echinodorus grandiflorus (Alismataceae), Matricaria chamomilla (Asteraceae) e Maytenus<br/>ilicifolia (Celastraceae), plantas com potencial inseticida, sobre o G. domesticus. Por cinco<br/>dias, 48 frangos foram alimentados com ração associada aos extratos aquosos (5.000 mg/kg<br/>de dieta). Os grupos foram: (1) E. grandiflorus; (2) M. chamomilla; (3) M. ilicifolia e (4) controle.<br/>Os animais foram observados por 12 dias e sacrificados. Amostras de órgãos selecionados<br/>passaram por avaliação histopatológica. Não foi verificada nenhuma alteração comportamental,<br/>agressividade ou lesões externas. O consumo de alimento foi similar em todos os grupos. Além<br/>disso, não houve diferença estatística entre os grupos tratados e o controle quanto ao ganho<br/>de peso das aves ou às enzimas no soro sanguíneo. A histopatologia do intestino delgado,<br/>fígado e rim não mostrou qualquer alteração. Estes resultados sugerem que nenhum extrato<br/>foi tóxico ao G. domesticus.<br/><br/>Palavras-chave: Echinodorus grandiflorus, Matricaria chamomilla, Maytenus ilicifolia,<br/>Organismo não-alvo, Gallus domesticus<br/> |
| 650 ## - ASSUNTO - THESAGRO | |
| Cabeçalho tópico ou nome geográfico | MATRICARIA CHAMOMILLA |
| 650 ## - ASSUNTO - THESAGRO | |
| Cabeçalho tópico ou nome geográfico | GALLUS DOMESTICUS |
| 650 ## - ASSUNTO - THESAGRO | |
| Cabeçalho tópico ou nome geográfico | TOXIDEZ |
| 650 ## - ASSUNTO - THESAGRO | |
| Cabeçalho tópico ou nome geográfico | PLANTA MEDICINAL |
| 773 0# - ENTRADA ANALÍTICA | |
| Host Biblionumber | 3543 |
| Registro do item | 317119 |
| Imprenta | Botucatu-SP Instituto de Biociências - Departamento de Química e Bioquímica 1998 |
| Outro identificador | 2024-3719 |
| Título | Revista Brasileira de Plantas Medicinais (Brazil) |
| ISSN | 1516-0572 |
| Colação | v. 19(2) p. 190-196; (2017) |
| Número de controle de registro | BR2024002101 |
| 856 ## - ACESSO E ENDEREÇO ELETRÔNICO | |
| Identificador uniforme de recurso - URI | https://www.sbpmed.org.br/admin/files/papers/file_wGQivlST6MYx.pdf |
Nenhum exemplar disponível.

BINAGRI